000 00383nam a2200133Ia 4500
008 220216s9999 xx 000 0 und d
100 _aNugawela A
245 0 _aPossible trends in the plantation sector of Sri Lanka
260 _bBulletin of the Rubber Research Institute of Sri Lanka
_c2002
300 _a27-31
650 _aPlantation sector
650 _aSri Lanka
942 _cJS
999 _c65353
_d65353